000 01105nam a22002657a 4500
999 _c63734
_d63734
005 20240530110656.0
008 171220s2016 ua ak g b 000 0 ara d
017 _a2015/21326
_bمصر. دار الكتب
020 _a9789770530160
040 _aEG-CaGPL
_cEG-CaGPL
082 0 4 _221
_a155.2 /
_bم م
100 0 _aمحمد احمد شلبى
245 1 0 _aمقدمة فى الشخصية :
_bاول مصدر مفتوح فى علم النفس = Introduction to Personality : The First Open Source in Psychology /
_cتاليف محمد احمد شلبى
246 1 1 _aIntroduction to Personality :
_bThe First Open Source in Psychology
260 _aالقاهرة :
_bمكتبة الانجلو المصرية ،
_c2016.
300 _a228 ص. :
_bايض ؛
_c24 سم.
504 _aيشتمل على ارجاعات ببليوجرافية
650 0 7 _2qrmak
_aالشخصية
650 0 7 _2qrmak
_aالسلوك الاجتماعى
650 0 7 _2qrmak
_aعلم النفس
650 0 7 _2qrmak
_aالشعور
651 _2qrmak
942 _2ddc
_cBK